000
00310nam a22001337a 4500
008
170307b xxu||||| |||| 00| 0 eng d
020
_a
0803618506
041
_a
eng
080
_2
5TH
_a
611
100
_a
6
101
_a
SHM
245
_a
CLINICAL NEUROANATOMY AND NEUROPHYSIOLOGY
_c
CLARK, R.G
942
_2
udc
_c
BK
999
_c
6997
_d
6997